000 00596nam a2200217Ia 4500
003 OSt
005 20230516093934.0
008 210423s2011 xx 000 0 und d
020 _a9780538734295
040 _cAL
041 _aeng
082 _a540 SEAS
_223
100 _aSEAGER (Spencer L);SLABAUGH (Michael R).
_9104592
245 _aChemistry for today: General organic and biochemistry.
250 _a7
260 _aUk
_bBrooks Cole
_c2011
300 _axxxii,765
_bPB
365 _b3776
_cINR
906 _abiochemistry. ; Chemistry ; General ; organic ; today:
942 _2ddc
_cBK
999 _c164748
_d164748